1699 1728 1533 1035 1513 1213 1639 1242 1772 1378 1238 1467 1676 1539 1505 1052 1891 1564 1993 1551 1564 1617 1536 1146 1240 1830 1531 1514 1752 1343 1671 1459 1176 1985 1623 1675 1300 1390 1149 1143 1060 1868 1269 1798 1434 1276 1537 1665 1759 1882 1185 1569 1848 1321 1494 1386 1437 1145 1635 1727 1084 1172 1739 1334 1487 1879 1773 1157 1405 1617 1944 1453 1257 1085 1542 1961 1815 1248 1971 1050 1798 1130 1376 1190 1767 1680 1811 1089 1733 1960 1988 1902 1052 1355 1732 1481 1333 1100 1899 BCNSPRNW ULIB Ver.6.0+V

เปลี่ยนเป็นภาษาไทย

Change to English
 แสดงรายละเอียดบรรณานุกรม
  กลับหน้าหลัก

Brief Record : Get Marc (ISO 2709) : E-mail record : QR code < ปิดหน้าต่าง
LEADER : 00000nam 2200000uu 4500
001    13399110641
003     ULIB
008    110606s2547||||th 000 0 tha d
020    9749190033
020    9789749190036
060 04 WR140^bป491ต 2547
245 00 ตจวิทยาทันยุค 2547 =^bDermatology update 2004 /^cโดยคณาจารย์ภาควิชาตจวิทยา คณะแพทยศาสตร์ศิริราชพยาบาล ; บรรณาธิการ, ป่วน สุทธิพินิจธรรม, วรพงษ์ มนัสเกียรติ
246 31 Dermatology update 2004
250    พิมพ์ครั้งที่ 1
260    กรุงเทพฯ :^bภาควิชาตจวิทยา คณะแพทยศาสตร์ศิริราชพยาบาลมหาวิทยาลัยมหิดล],^c2547
300    422 หน้า :^bภาพประกอบ (สีบางภาพ) ;^c27 ซม.
650  7 ผิวหนัง, โรค
653    ผลงานอาจารย์คณะแพทยศาสตร์ศิริราชพยาบาล
700 0  ป่วน สุทธิพินิจธรรม,^eบรรณาธิการ
700 0  วรพงษ์ มนัสเกียรติ,^eบรรณาธิการ
710 2  มหาวิทยาลัยมหิดล. ^bคณะแพทยศาสตร์ศิริราชพยาบาล.^bภาควิชาตจวิทยา
710 2  มหาวิทยาลัยมหิดล. ^bคณะแพทยศาสตร์ศิริราชพยาบาล.^bคณาจารย์ภาควิชาตจวิทยา
945    ^p750^l0^i025572
945    ^p750^l0^i025571
945    ^p750^l0^i025573
995    ทศพร
999 ^a ใช้งานได้ทุกระบบ
รายการนี้ยังไม่มีแท็ก
คุณยังไม่ได้ล็อกอิน คุณสามารถมีกิจกรรมร่วมกับเว็บไซต์ได้ แต่ต้องล็อกอินก่อน ::
  ล็อกอิน

รายการสื่อสารสนเทศ

ลำดับที่ ประเภท เลขเรียก/บาร์โค้ด สถานที่ สถานะ
- ไม่พบข้อมูล -

รายการใกล้เคียง
    หัวเรื่อง [ผิวหนัง, โรค]

BibComment


ยังไม่เคยถูกคอมเมนท์

คอมเมนท์ทรัพยากรรายการนี้
  คอมเมนท์: ตจวิทยาทันยุค 254..


 Copyright 2026. Bcnsprnw @Library